Baja California State Quiz - Statistics

General Stats
  • This quiz has been taken 8 times
    3 since last reset
  • The average score is 11 of 13
Answer Stats
Hint Answer % Correct
Located on what peninsula? Baja California
100%
This state split from it in 1974 Baja California Sur
100%
Famous salad invented in the state? Caesar Salad
100%
American border town that borders the state capital? Calexico
100%
Borders which US state? California
100%
Only liga MX football team in the state? Club Tijuana Xoloitzcuintles
100%
State Capital? Mexicali
100%
American city that borders city above? San Diego
100%
Borders which Mexican state to the east? Sonora
100%
Largest city? Tijuana
100%
City in which the Baja 500 race starts and finishes in Ensenada
67%
Mexican beer named after this city? Tecate
33%
American filibuster who invaded the state to form his own country? William Walker
33%
No matching quizzes found
Score Distribution
Percent of People with Each Score
Percentile by Number Answered
Your Score History
You have not taken this quiz since the last reset